| 000 | 02554cam a22005414i 4500 | ||
|---|---|---|---|
| 003 | PE-LiUPU | ||
| 005 | 20250731173346.0 | ||
| 008 | 170217s2007 ag r 000 0 spa d | ||
| 020 | _a1578470765 | ||
| 020 | _a9781578470761 | ||
| 035 | _a(Sirsi) i9781578470761 | ||
| 041 |
_aesp _heng |
||
| 049 | _aPRUA | ||
| 082 | 0 | 4 |
_a262.1 _bA71 |
| 100 | 1 |
_aArrais, Jonás, _eautor. |
|
| 245 | 1 | 4 |
_aUna iglesia positiva en un mundo negativo : _baprendiendo y mejorando el liderazgo en cada experiencia de tu iglesia / _cJonás Arrais. |
| 250 | _aPrimera edición. | ||
| 264 | 1 |
_aBuenos Aires : _bAsociación Casa Editora Sudamerica, _c2007. |
|
| 300 |
_a127 páginas ; _c21 centímetros |
||
| 336 |
_atext _2rdacontent |
||
| 337 |
_aunmediated _2rdamedia |
||
| 338 |
_avolume _2rdacarrier |
||
| 505 | 0 | _aLos cambios creativos son saludables -- Los cambios creativos son necesarios -- La toma de decisiones -- El peligro del negativismo -- La aplicación de principios bíblicos -- El desafío del cambio -- Mantener la ética cristiana -- La ética al mando -- Disciplina bíblica -- La importancia de la convicción y la confidencialidad -- Una aproximación moderada a la disciplina -- Hacer lo correcto de la manera correcta -- Tu buen nombre se encuentra a salvo en nuestro hogar. | |
| 526 | _aSEG42 | ||
| 526 | _aSEG41 | ||
| 526 | _aSEG40 | ||
| 526 | _aSEG39 | ||
| 526 | _aP94 | ||
| 526 | _aP87 | ||
| 526 | _aP86 | ||
| 526 | _aP85 | ||
| 526 | _aP77 | ||
| 526 | _aP76 | ||
| 526 | _aP35 | ||
| 534 |
_pTítulo original : _tA positive church in a negative world. |
||
| 650 | 1 | 4 | _aLiderazgo cristiano. |
| 650 | 2 | 4 |
_aAdventistas del Séptimo Día _xDoctrinas. |
| 910 |
_agl _bjv _cng _d20091215 |
||
| 910 |
_ajpc _bcsm _ccsm _d20200123 |
||
| 942 |
_2ddc _cBOOK |
||
| 994 |
_aC0 _bPEPRU |
||
| 596 | _a1 4 | ||
| 999 |
_a262.1 A71 _wDEWEY _c50199 _i60827 _d50199 _e2017-11-14 _f2021-11-10 _g5 _lCCODEBUL1 _mBUL _n1 _p8.00 _r0 _sY _tBOOK _u2015-7-6 _xTEOLOGIA _PP35 _o.STAFF. Colección Teología |
||
| 999 |
_a262.1 A71 _wDEWEY _c1 _iCW00136 _f2021-12-22 _g2 _lCCODECWL1 _mBWL _r0 _sY _tBOOK _u2017-2-6 _xWHITE _zUNKNOWN _0COMPRA _o.STAFF. Centro White |
||
| 999 |
_a262.1 A71 _wDEWEY _c2 _iCW001545 _f2021-12-22 _g1 _lCCODECWL1 _mBWL _p8.00 _r1 _sY _tBOOK _u2020-1-24 _xTEOLOGIA _zUNKNOWN _0DONACION _o.STAFF. Colección General Centro Investigación Adventista |
||
| 980 |
_81 _gALBERTO SANCHEZ Responsable de Automatización |
||